Los productores directos en el siglo del café /
Salvato in:
| Autore principale: | |
|---|---|
| Natura: | testo |
| Tags: |
Aggiungi Tag
Nessun Tag, puoi essere il primo ad aggiungerne!!
|
MARC
| LEADER | 00000 a a2200000 04500 | ||
|---|---|---|---|
| 001 | 15715 | ||
| 003 | |||
| 040 | |||
| 100 | |a Samper Kutschbach, Mario | ||
| 245 | |a Los productores directos en el siglo del café / |c Mario Samper Kutschbach | ||
| 773 | |g número 7; páginas 123-210 | ||
| 999 | |c 24730 |d 24730 | ||
